Štýl komunikácie vo svetle rôznych kultúr
Cieľom príspevku je analyzovať rôzne komunikačné štýly v rôznych komunikačných situáciách, ale tiež, na základe dlhoročného výskumu v oblasti interkultúrnej komunikácie, pomocou kvalitatívnej metódy analyzovať ako rôzne hodnotové systémy v rôznych kultúrach ovplyvňujú štýl komunikácie. Na základe...
Enregistré dans:
| Auteur principal: | |
|---|---|
| Format: | Chapitre de livre |
| Langue: | slovaque |
| Sujets: | |
| Tags: |
Pas de tags, Soyez le premier à ajouter un tag!
|
MARC
| LEADER | 00000naa$a2200000$$$4500 | ||
|---|---|---|---|
| 001 | 0297683 | ||
| 005 | 20240502074516.2 | ||
| 041 | 0 | |a slo | |
| 044 | |a SK | ||
| 245 | 1 | 0 | |a Štýl komunikácie vo svetle rôznych kultúr |c Jarmila Rusiňáková |
| 520 | |a Cieľom príspevku je analyzovať rôzne komunikačné štýly v rôznych komunikačných situáciách, ale tiež, na základe dlhoročného výskumu v oblasti interkultúrnej komunikácie, pomocou kvalitatívnej metódy analyzovať ako rôzne hodnotové systémy v rôznych kultúrach ovplyvňujú štýl komunikácie. Na základe selektívne vybratých príkladov komunikačného správania ľudí rôznych kultúr autorka zdôrazňuje myšlienku potreby kultúrnej gramotnosti a v konečnom dôsledku aj potreby zdvorilosti v komunikácii, vrátane interkultúrnej komunikácie. Krátka komparatívna analýza komunikačného správania anglicky a rusky hovoriacich (partnerov) ilustruje dôležitosť vzájomného porozumenia a poukazuje na možné problémy, vyplývajúce z lingvokultúrnych odlišností a aj zo skutočnosti, že anglosaský a ruský hodnotový systém bol formovaný pod vplyvom iného historického a socioekonomického vývoja. | ||
| 610 | 2 | 0 | |a štylistika |
| 610 | 2 | 0 | |a komunikácia multikultúrna |
| 610 | 2 | 0 | |a globalizácia |
| 610 | 2 | 0 | |a multikulturalizmus |
| 610 | 2 | 0 | |a gramotnosť |
| 610 | 2 | 0 | |a kultúra |
| 100 | 1 | |a Rusiňáková, Jarmila, 1959- | |